Statistiken für Alte Namen von Städten #2

Klicken Sie hier um das Quiz zu spielen!

Allgemein

  • Dieses Quiz wurde 211 mal gespielt
    (210 seit der letzten Aktualisierung)
  • Das Durchschnittsergebnis liegt bei 5 aus 16

Antwortstatistiken

Alter NameNeuer Name% Korrekt
ConstantinopleIstanbul
91%
BombayMumbai
89%
LutetiaParis
56%
KristianiaOslo
51%
Alma-AtaAlmaty
44%
BarcinoBarcelona
32%
MadrasChennai
22%
RangoonYangon
21%
StalingradVolgograd
18%
OlisipoLissabon
11%
Ciudad TrujilloSanto Domingo
7%
Fort DearbornChicago
4%
NaniwaŌsaka
4%
OeaTripoli
3%
PhiladelphiaAmman
2%
StalinabadDushanbe
1%

Verteilung der Resultate

Perzentil nach korrekt beantworteten Fragen

Anzahl Personen mit jedem Resultat

Ihre Resultats-Entwicklung

Sie haben dieses Quiz seit der letzten Aktualisierung nicht gespielt